Kraje ČR - řetězec s nápovědami - Statistics

General Stats
  • This quiz has been taken 360 times
  • The average score is 10 of 14
Answer Stats
Nápověda Kraj % Correct
Je zde Sněžka Královéhradecký
91%
CHKO Český ráj, CHKO Jizerské hory či CHKO Kokořínsko Liberecký
81%
Rožmberk či Svět jsou jen dva z mnoha místních rybníků Jihočeský
79%
Žije zde nejméně obyvatel Karlovarský
75%
R. 1805 se zde udála bitva tří císařů u Slavkova (Napoleon x František I. x car Alexandr) Jihomoravský
70%
Sídlí zde slavní výrobci energetiky, alkoholu i automobilů, např. Škoda Plzeňský
68%
Zakládající listina litoměřické kapituly (r. 1057) obsahuje nejstarší dochovanou česky psanou větu Ústecký
68%
Teče tudy Morava a její přítoky Bečva a Olšava Zlínský
66%
Dle legendy zde Šemík zachránil svým odvážným skokem Horymíra Hl. m. Praha
64%
Téměř 5 % nezaměstnaných (nejvíce v ČR) Moravskoslezský
63%
CHKO Křivoklátsko; výrazný vliv suburbanizace Středočeský
61%
Pochází odsud K. H. Borovský, J. Zrzavý či G. Mahler Vysočina
61%
Nachází se zde jedno ze dvou českých arcibiskupství Olomoucký
56%
Výroba semtexu, nejvyšší bod - Králický Sněžník (1423 m. n. m.) Pardubický
56%
No matching quizzes found
Score Distribution
Percent of People with Each Score
Percentile by Number Answered
Your Score History
You have not taken this quiz